| 000 | 00699cam a2200301ua 4500 | ||
|---|---|---|---|
| 020 | _cRs.13.50 (PB) | ||
| 041 |
_aeng _h |
||
| 082 |
_a604.2 _bBHA/EL |
||
| 100 |
_aBhatt, N.D . _91433 |
||
| 245 |
_aElementary engineering drawing / _cN.D.Bhatt. _hTextual Documents |
||
| 250 |
_a6 / _b. |
||
| 260 |
_aNew Delhi : _bCharotar book stall , _c1965. |
||
| 300 | _a491 ; . | ||
| 365 | _aRs.13.50 | ||
| 504 | _a | ||
| 942 | _cBK | ||
| 999 |
_c75 _d75 |
||
| 003 | @ | ||
| 003 | OSt | ||